00599 2200229 4500001002100000005001700021008004100038035002400079090001500103100001600118245007600134260002600210300001900236650002100255850001500276980001300291985000600304986001400310999001500324999001500339999001500354YOGYA-0209000001444720090227022422.0 ind  0010-020900000014447 a333bAbd A aABDURRAHMAN aAneka masalah hukum agraria dalam pembangunan di IndonesiacAbdurrahman aBandungbAlumnic1978 a155 hlmc21 cm aAgraria, Masalah aYOPDYOG(B) a22-07-05 a3 afwhrthrev aP000016059 aP000016060 aP000016061